<?xml version="1.0" encoding="UTF-8"?>
<collection xmlns="http://www.loc.gov/MARC21/slim">
<record>
  <controlfield tag="001">97249</controlfield>
  <controlfield tag="005">20240319080945.0</controlfield>
  <datafield tag="024" ind1="7" ind2=" ">
    <subfield code="2">doi</subfield>
    <subfield code="a">10.1007/s10959-020-01050-9</subfield>
  </datafield>
  <datafield tag="024" ind1="8" ind2=" ">
    <subfield code="2">sideral</subfield>
    <subfield code="a">120974</subfield>
  </datafield>
  <datafield tag="037" ind1=" " ind2=" ">
    <subfield code="a">ART-2022-120974</subfield>
  </datafield>
  <datafield tag="041" ind1=" " ind2=" ">
    <subfield code="a">eng</subfield>
  </datafield>
  <datafield tag="100" ind1=" " ind2=" ">
    <subfield code="a">Adell, J.A.</subfield>
    <subfield code="u">Universidad de Zaragoza</subfield>
    <subfield code="0">(orcid)0000-0001-8331-5160</subfield>
  </datafield>
  <datafield tag="245" ind1=" " ind2=" ">
    <subfield code="a">Probabilistic Stirling Numbers of the Second Kind and Applications</subfield>
  </datafield>
  <datafield tag="260" ind1=" " ind2=" ">
    <subfield code="c">2022</subfield>
  </datafield>
  <datafield tag="506" ind1="0" ind2=" ">
    <subfield code="a">Access copy available to the general public</subfield>
    <subfield code="f">Unrestricted</subfield>
  </datafield>
  <datafield tag="520" ind1="3" ind2=" ">
    <subfield code="a">Associated with each complex-valued random variable satisfying appropriate integrability conditions, we introduce a different generalization of the Stirling numbers of the second kind. Various equivalent definitions are provided. Attention, however, is focused on applications. Indeed, such numbers describe the moments of sums of i.i.d. random variables, determining their precise asymptotic behavior without making use of the central limit theorem. Such numbers also allow us to obtain explicit and simple Edgeworth expansions. Applications to Lévy processes and cumulants are discussed, as well.</subfield>
  </datafield>
  <datafield tag="536" ind1=" " ind2=" ">
    <subfield code="9">info:eu-repo/grantAgreement/ES/MCIU/PGC2018-097621-B-I00</subfield>
  </datafield>
  <datafield tag="540" ind1=" " ind2=" ">
    <subfield code="9">info:eu-repo/semantics/openAccess</subfield>
    <subfield code="a">by</subfield>
    <subfield code="u">http://creativecommons.org/licenses/by/3.0/es/</subfield>
  </datafield>
  <datafield tag="590" ind1=" " ind2=" ">
    <subfield code="a">0.8</subfield>
    <subfield code="b">2022</subfield>
  </datafield>
  <datafield tag="591" ind1=" " ind2=" ">
    <subfield code="a">STATISTICS &amp; PROBABILITY</subfield>
    <subfield code="b">105 / 125 = 0.84</subfield>
    <subfield code="c">2022</subfield>
    <subfield code="d">Q4</subfield>
    <subfield code="e">T3</subfield>
  </datafield>
  <datafield tag="592" ind1=" " ind2=" ">
    <subfield code="a">0.659</subfield>
    <subfield code="b">2022</subfield>
  </datafield>
  <datafield tag="593" ind1=" " ind2=" ">
    <subfield code="a">Mathematics (miscellaneous)</subfield>
    <subfield code="c">2022</subfield>
    <subfield code="d">Q2</subfield>
  </datafield>
  <datafield tag="593" ind1=" " ind2=" ">
    <subfield code="a">Statistics, Probability and Uncertainty</subfield>
    <subfield code="c">2022</subfield>
    <subfield code="d">Q2</subfield>
  </datafield>
  <datafield tag="593" ind1=" " ind2=" ">
    <subfield code="a">Statistics and Probability</subfield>
    <subfield code="c">2022</subfield>
    <subfield code="d">Q2</subfield>
  </datafield>
  <datafield tag="594" ind1=" " ind2=" ">
    <subfield code="a">1.4</subfield>
    <subfield code="b">2022</subfield>
  </datafield>
  <datafield tag="655" ind1=" " ind2="4">
    <subfield code="a">info:eu-repo/semantics/article</subfield>
    <subfield code="v">info:eu-repo/semantics/publishedVersion</subfield>
  </datafield>
  <datafield tag="710" ind1="2" ind2=" ">
    <subfield code="1">2007</subfield>
    <subfield code="2">265</subfield>
    <subfield code="a">Universidad de Zaragoza</subfield>
    <subfield code="b">Dpto. Métodos Estadísticos</subfield>
    <subfield code="c">Área Estadís. Investig. Opera.</subfield>
  </datafield>
  <datafield tag="773" ind1=" " ind2=" ">
    <subfield code="g">35 (2022), 636–652</subfield>
    <subfield code="p">J. theor. probab.</subfield>
    <subfield code="t">JOURNAL OF THEORETICAL PROBABILITY</subfield>
    <subfield code="x">0894-9840</subfield>
  </datafield>
  <datafield tag="856" ind1="4" ind2=" ">
    <subfield code="s">340072</subfield>
    <subfield code="u">http://zaguan.unizar.es/record/97249/files/texto_completo.pdf</subfield>
    <subfield code="y">Versión publicada</subfield>
  </datafield>
  <datafield tag="856" ind1="4" ind2=" ">
    <subfield code="s">18802</subfield>
    <subfield code="u">http://zaguan.unizar.es/record/97249/files/texto_completo.jpg?subformat=icon</subfield>
    <subfield code="x">icon</subfield>
    <subfield code="y">Versión publicada</subfield>
  </datafield>
  <datafield tag="909" ind1="C" ind2="O">
    <subfield code="o">oai:zaguan.unizar.es:97249</subfield>
    <subfield code="p">articulos</subfield>
    <subfield code="p">driver</subfield>
  </datafield>
  <datafield tag="951" ind1=" " ind2=" ">
    <subfield code="a">2024-03-18-12:32:13</subfield>
  </datafield>
  <datafield tag="980" ind1=" " ind2=" ">
    <subfield code="a">ARTICLE</subfield>
  </datafield>
</record>
</collection>